01135nam a2200253 i 4500001000700000003000900007005001700016007000300033008004100036080002500077100006100102245028400163260008100447300002200528490006700550500001500617504003200632600002300664700001900687710003800706710003500744830006700779852003500846175677ES-MaACL20251120063149.0t|101116s1943 sp ||||1| spa d a929 Ildefonso, Santo0 aMartínez de Toledo, Alfonso, cArcipreste de Talavera10aSan Ildefonso de Toledo a través de la pluma del Arcipreste de Talavera / cestudio y edición crítica de la Vida de San Ildefonso y de la traducción del tratado De perpetua virginitate sanctae Mariae contra tres infideles, por el Arcipreste de Talavera, por José Madoz. aMadrid : bPatronato Raimundo Lulio : bInstituto Francisco Suárez,c1943. a194 p. ; c25 cm.1 aBiblioteca de antiguos escritores cristianos españoles ; v2 aÍndices. aBibliografía: p. 188-190.04aIldefonso, cSanto1 aMadoz, José.0 aPatronato Raimundo Lulio (Madrid)2 aInstituto "Francisco Suárez"0 aBiblioteca de antiguos escritores cristianos españoles ; v2 aES-MaACLjE-13541 xOlim P-780